00356nam a2200109Ia 4500008004000000082001500040100002700055245009800082260003200180300001400212650002000226210210b2005 xxu||||| |||| 00| 0 eng d a351.3 BRIC aBRIGHT (Pritam Singh). aCareer's general studies: objective type multiple choice for civil services preliminary exam. aDelhibBright Careersc2005 axvi,56... aGeneral studies